000 00487nam a2200181Ia 4500
001 10913
005 20260306161907.0
008 260306t2006||||xx |||||||||||||| ||spa||
041 _aESP
082 _a980.03
_bC235
100 _aMc Evoy, carmen (ed.)
_eAUT
245 0 _aFunerales republicanos en América del Sur:
_b: tradición, ritual y nación 1832 - 1896
260 _c2006
300 _a258 páginas :
_c22 cm
650 _aGEN
654 _aCHU
942 _cLIB
_dJUS
_fJUS
_2ddc
_n
999 _c10913
_d10913